000 00242nam a2200109Ia 4500
008 240625s9999 xx 000 0 und d
041 _aeng
082 _a658.421 LAM
100 _aLAMBING PEGGY A
245 _aENTREPRENEURSHIP
260 _c2007
999 _c34263
_d34263